000 00663cam a22002411 4500
001 ne 68003905
003 DLC
005 20260227111848.0
008 900618s1967 ua h 000 0 arar
010 _ane 68003905
025 _aPL480:UAR-9124
035 _a(OCoLC)21879950
040 _aDLC
_cWaU
_dDLC
042 _apremarc
050 0 0 _aPJ6126
_b.J8 1967
100 1 _aJumʻah, Ibrāhīm.
245 1 0 _aQiṣṣat al-kitābah al-ʻArabīyah.
_cIbrāhīm Jumʻah.
250 _aal-Ṭabʻah 2.
260 _aMiṣr,
_bDār al-Maʻārif,
_c[1967].
300 _a115 p.
_bfacsims.
_c17 cm.
490 0 _aIqrā,
_v53
650 0 _aWriting, Arabic
_xHistory.
999 _c50871
_d50871